• 首页
  • 本馆介绍
  • 公告通知
  • 最新文献
  • 馆藏检索
  • 电子资源
  • 读者导购
  • 参考咨询
  • 我的图书馆
  • 登录
  • 详细信息显示
  • 放入我的书架
  • 预约/预借图书
  • 作者相关作品
  • 分类相关作品
  • 丛书相关作品
  • 出版社相关作品

书目信息

  • 表格格式
  • 工作单格式
  • 卡片格式
题名:
重新定义合伙人
    
 
作者: 钱方磊 著
分册:  
出版信息: 北京   北京理工大学出版社  2017
页数: 269页
开本: 24cm
丛书名:
单 册:
中图分类: F724.6
科图分类:
主题词: 电子商务--商业企业管理--经验--中国
电子资源:
ISBN: 978-7-5682-3059-9
000 01131nam0 2200229 450
001 012001002586
005 20140926114739.0
010    @a978-7-5682-3059-9@dCNY39.80
100    @a20170802d2017 em y0chiy50 ea
101 0  @achi
102    @aCN@b110000
105    @ay z 000yy
106    @ar
200 1  @a重新定义合伙人@9chong xin ding yi he huo ren@e共享经济下的融合之道@f钱方磊著
210    @a北京@c北京理工大学出版社@d2017
215    @a269页@d24cm
330    @a本书以大合伙人思维为突破点,从推动阿里巴巴登上互联网之巅的重要人物的角度出发,分别从创业时期的“十八罗汉”、阿里困难时期的关键人物、主要投资者、拓展金融业务的功臣、跨界的合作伙伴、内部整风、客户服务、人才培养、利益回馈,以及合伙人扩张方式10个方面,多元化地阐述了马云营造一流团队的御人智慧,以及广纳百川的合伙人思维。在各个方面的阐述中,本书以马云及阿里商圈中重要人物的真实故事为基础,以众多管理名家的先进理念为依托,图文并茂地系统总结了马云成功背后的“大合伙人模式”的秘密。
606 0  @a电子商务@x商业企业管理@x经验@y中国
690    @aF724.6@v5
701  0 @a钱方磊@9qian fang lei@4著
801  0 @aCN@b上海新华@c20180901
905    @b1153283-7@dF724.6@e107@f5
    
    重新定义合伙人:共享经济下的融合之道/钱方磊著.-北京:北京理工大学出版社,2017
    269页;24cm
    
    
    ISBN 978-7-5682-3059-9:CNY39.80
    本书以大合伙人思维为突破点,从推动阿里巴巴登上互联网之巅的重要人物的角度出发,分别从创业时期的“十八罗汉”、阿里困难时期的关键人物、主要投资者、拓展金融业务的功臣、跨界的合作伙伴、内部整风、客户服务、人才培养、利益回馈,以及合伙人扩张方式10个方面,多元化地阐述了马云营造一流团队的御人智慧,以及广纳百川的合伙人思维。在各个方面的阐述中,本书以马云及阿里商圈中重要人物的真实故事为基础,以众多管理名家的先进理念为依托,图文并茂地系统总结了马云成功背后的“大合伙人模式”的秘密。
●
相关链接 在E读中查询图书 在五车中查询图书 在当当中查询图书 在豆瓣中查询图书


正题名:重新定义合伙人     索取号:F724.6/107         预约/预借

序号 登录号 条形码 馆藏地/架位号 状态 备注
1 1153283   211532830   第一样本阅览室/ [索取号:F724.6/107] 在馆    
2 1153284   211532849   密集书库-资源管理系/ [索取号:F724.6/107] 在馆    
3 1153285   211532858   第一借阅区/ [索取号:F724.6/107] 在馆    
4 1153286   211532867   第一借阅区/ [索取号:F724.6/107] 在馆    
5 1153287   211532876   第一借阅区/ [索取号:F724.6/107] 在馆    
唐山师范学院图书馆 欢迎您!
大连网信软件有限公司© 版权所有